00374nam a2200145Ia 4500003000400000005001700004008004100021040000900062082002000071100002700091245004400118260003700162300000900199650002000208OSt20201204133221.0190216s9999||||xx |||||||||||||| ||und|| coclc a894.8123bACH/V aAchuthamenon, Karattu  0aViruthan Sanku /c Karattu Achuthamenon bPoorna Pubs,c1988.a Kozhikode: a333p aMalayalam Novel